00385nam a2200157Ia 4500003000400000005001700004008004000021020001800061040000700079041001200086082001600098100002200114245003100136260005200167300000800219OSt20250428105111.0210210b2005 xxu||||| |||| 00| 0 eng d a0 446 61625 7 cAL aEnglish a813.54 SHEA aSHELDON (Sidney). aAre you afraid of the dark aNew YorkbHarper Collins Publishers, Inc.c2005 a398